CJKV information processing
Αποθηκεύτηκε σε:
| Κύριος συγγραφέας: | |
|---|---|
| Μορφή: | Βιβλίο |
| Γλώσσα: | English |
| Δημοσίευση: |
Beijing ; Cambridge :
O'Reilly,
c1999
|
| Σειρά: | Nutshell handbook
|
| Θέματα: | |
| Ετικέτες: |
Προσθήκη ετικέτας
Δεν υπάρχουν, Καταχωρήστε ετικέτα πρώτοι!
|
MARC
| LEADER | 00000nam a2200000 i 4500 | ||
|---|---|---|---|
| 001 | 1/4465 | ||
| 008 | 000529s1999 eng d | ||
| 020 | |a 1565922247 | ||
| 035 | |l 10061204 | ||
| 040 | |a GR-MY-UA |b gre |e aacr | ||
| 041 | 0 | |a eng | |
| 082 | 0 | |a 005 | |
| 100 | 1 | |a Lunde, Ken |d 1965- | |
| 245 | 1 | 0 | |a CJKV information processing / |c Ken Lunde |
| 260 | |a Beijing ; Cambridge : |b O'Reilly, |c c1999 | ||
| 300 | |a xxiv, 1101 p.; |b ill.; |c 24 cm. | ||
| 490 | 1 | |a Nutshell handbook | |
| 504 | |a Includes bibliographical references and indexes | ||
| 650 | 0 | 0 | |a Computational linguistics. |
| 650 | 0 | 0 | |a Oriental languages |x Data processing. |
| 650 | 0 | 0 | |a Chinese language |x Data processing. |
| 650 | 0 | 0 | |a Japanese language |x Data processing. |
| 650 | 0 | 0 | |a Korean language |x Data processing. |
| 650 | 0 | 0 | |a Vietnamese language |x Data processing. |
| 650 | 0 | 0 | |a Electronic data processing. |
| 830 | 0 | |a Nutshell handbook | |
| 852 | |a INST |b SAMOS |e 20000529 |h 005 LUN |p 005300015398 |q 005300015398 |t BK |y 0 | ||
| 901 | |a BIBL3-2000-2 | ||
| 909 | |a Σ |b 075058 | ||
| 922 | |a 3ΕΛΗ |b 200003 |c ΤΠΕΣ/ΤΑΚΤ |d ΠΑΠΑΣΩΤΗΡΙΟΥ | ||
| 970 | |a ΓΕΝΟΥΖΟΥ |b ΧΡΥΣΑΝΘΗ |z 2000/05/29 | ||